Oeuvres et institutions féminines : (Record no. 27131)

MARC details
000 -LEADER
campo de control de longitud fija 00844nam a2200205 i 4500
001 - NÚMERO DE CONTROL
campo de control 27131
003 - IDENTIFICADOR DE NÚMERO DE CONTROL
campo de control ES-MaACL
005 - FECHA Y HORA DE LA ÚLTIMA TRANSACCIÓN
campo de control 20251002195537.0
007 - CAMPO FIJO DE DESCRIPCIÓN FÍSICA--INFORMACIÓN GENERAL
campo de control de longitud fija t|
008 - DATOS DE LONGITUD FIJA--INFORMACIÓN GENERAL
campo de control de longitud fija 030113s1914 fr ||||1| fre d
100 1# - ENTRADA PRINCIPAL--NOMBRE DE PERSONA
Nombre de persona Avril de Sainte-Croix , Ghénia (
Fechas asociadas al nombre 1855-1939)
9 (RLIN) 24091
245 10 - MENCIÓN DEL TÍTULO
Título Oeuvres et institutions féminines :
Resto del título droits des femmes / Dixième congrès international des femmes... le 2 juin 1913 ; inauguré par M. Klotz,... ; compte rendu des travaux par Mme Avril de Sainte-Croix.
260 ## - PUBLICACIÓN, DISTRIBUCIÓN, ETC.
Lugar de publicación, distribución, etc. París :
Nombre del editor, distribuidor, etc. V. Giard et E. Brière,
Fecha de publicación, distribución, etc. 1914 (
Fabricante Imp. Charaire)
300 ## - DESCRIPCIÓN FÍSICA
Extensión 590 p. ;
Dimensiones 25 cm.
650 04 - PUNTO DE ACCESO ADICIONAL DE MATERIA--TÉRMINO DE MATERIA
Término de materia o nombre geográfico como elemento de entrada Mujeres-
Subdivisión general Derechos
9 (RLIN) 15263
700 1# - ENTRADA AGREGADA--NOMBRE PERSONAL
Nombre de persona Klotz, Lucien,
Fechas asociadas al nombre 1868-1930
9 (RLIN) 164325
711 2# - ENTRADA AGREGADA--NOMBRE DE REUNIÓN
Nombre de congreso/reunión o jurisdicción como elemento de entrada Congrès International des Femmes (
Número del congreso/reunión o número de parte o sección 10º.
Fecha del congreso o de la firma del tratado 1913.
Sede del congreso/Lugar de la reunión Paris)
9 (RLIN) 164326
852 ## - LOCALIZACIÓN
Ubicación ES-MaACL
Número de control de estantería F-9376
Holdings
Estatus retirado Estado de pérdida Estado de daño No para préstamo Biblioteca de origen Biblioteca actual Ubicación en estantería Fecha de adquisición Fuente de adquisición Total de préstamos Signatura topográfica completa Código de barras Visto por última vez Precio de reemplazo Tipo de ítem Koha
        Biblioteca del Ateneo de Madrid Biblioteca del Ateneo de Madrid Sala Pecera Planta 2 17/01/2008     F-9376 1028003 23/02/2023 23/02/2023 Libro impreso